000 01027nam0a22002531i 4500
001 rc\4408304
005 20240724160356.0
021 _aRU
_b[63-264]
035 _a(NLR Aleph) 008301592
090 _a8639515
_c8639515
100 _a20130416d1962 |||y0rusy50 ca
101 0 _arus
102 _aRU
105 _ay d |||||
200 1 _aФранцузский позитивизм второй половины XIX века
_e(Ипполит Тэн и Эрнест Жозеф Ренан)
_eАвтореферат дис. на соискание учен. степени кандидата филос. наук
_fЛенингр. ордена Ленина гос. ун-т им. А.А. Жданова
210 _aЛенинград
_d1962
215 _a29 с.
_d20
700 1 _aДрондое
_bГ.
_gГригоре
702 1 _aРенан
_bЭ.Ж.
_gЭрнест Жозеф
_4570
702 1 _aТэн
_bИ.
_gИпполит
_4570
801 0 _aRU
_bNLR
_gpsbo
801 1 _aRU
_bELAR
_2rusmarc
852 _aNLR
_j63-4/3115
942 _cBOOK